| 000 | 01138nam0a2200301 4500 | ||
|---|---|---|---|
| 001 | RU\NLR\bibl\856108 | ||
| 005 | 20260405113332.0 | ||
| 010 |
_a5-9533-0828-0 _95000 |
||
| 021 |
_aRU _b2005-56640 _92768 |
||
| 035 | _a(NLR Aleph) 000844825 | ||
| 090 |
_a1443149 _c1443149 |
||
| 100 | _a20051019d2005 |||y0rusy50 ca | ||
| 101 | 0 | _arus | |
| 102 | _aRU | ||
| 105 | _aa ||||||||| | ||
| 200 | 1 |
_aСоборы Парижа _fЕ.А. Останина |
|
| 210 |
_aМосква _cВече [и др.] _d2005 |
||
| 215 |
_a222, [1] с., [8] л. цв. ил. _cил. _d17 |
||
| 225 | 1 | _aПамятники всемирного наследия | |
| 300 | _aНа обл. авт. не указан | ||
| 606 | 1 |
_aЦерковная архитектура _yПариж, город (Франция) _91904875 _3RU\NLR\auth\661157196 |
|
| 686 | _aЩ113(4Фр)92Париж7 | ||
| 700 | 1 |
_4070 _8rus _7ca _aОстанина _bЕ. А. _cпопуляризатор _gЕкатерина Александровна _3RU\NLR\auth\7744045 _926987 |
|
| 801 | 0 |
_aRU _bNLR _c20051019 _grcr |
|
| 801 | 1 |
_aRU _bNLR _c20051019 |
|
| 942 | _cBOOK | ||
| 980 | _aNB | ||